000 00854nam a22002897a 4500
003 CHAP
005 20220329134641.0
008 971013s1974 r 00010 d
010 _a23614
011 _a24586
035 _a28685
040 _cCHAP
082 _a633.1
_bC4 1974
100 0 0 _aChristensen, Clayde M.
_922902
245 _aStorage of cereal grains and their products
250 _a2 ed.
260 _aSt. Paul, Minn. :
_bAmerican Association of Cereal Chemists,
_c1974
300 _a549 p.
_b: ilus
490 _aMonographs
_v; 2
590 _aBATCH-UPD
_b10
_c20130110
_lUCH01
_h1204
590 _aCONVERSION
_b10
_c20130109
_lUCH01
_h1314
650 1 4 _aCereales
_xAlmacenamiento.
_921373
830 0 _aMonographs
_v; 2
_977600
901 _aBK
942 _cLIBRO
949 _a633.1 C4 1974
_bBC
_cLIBRO
_d-66141
_eLIBRO
_h56715
_i28685
_si
999 _c23614
_d23614